| 000 | 01388nam a2200349Ia 4500 | ||
|---|---|---|---|
| 001 | ebr10660269 | ||
| 003 | CaPaEBR | ||
| 006 | m u | ||
| 007 | cr cn||||||||| | ||
| 008 | 090116s2009 nyuab sb 001 0 eng d | ||
| 010 | _z 2009001535 | ||
| 020 | _z1604568305 (hardcover) | ||
| 020 | _z9781604568301 (hardcover) | ||
| 020 | _z9781608764433 (ebook) | ||
| 040 |
_aCaPaEBR _cCaPaEBR |
||
| 035 | _a(OCoLC)829370508 | ||
| 050 | 1 | 4 |
_aHF1411 _b.T7132 2009eb |
| 245 | 0 | 0 |
_aTrade policy in a globalizing world _h[electronic resource] / _cYuki Watanabe and Haruto Yamashita, editors. |
| 260 |
_aNew York : _bNova Science Publishers, _cc2009. |
||
| 300 |
_axi, 320 p. : _bill. (some col.), map. |
||
| 490 | 1 | _aMonetary, fiscal and trade policies series | |
| 504 | _aIncludes bibliographical references and index. | ||
| 533 |
_aElectronic reproduction. _bPalo Alto, Calif. : _cebrary, _d2013. _nAvailable via World Wide Web. _nAccess may be limited to ebrary affiliated libraries. |
||
| 650 | 0 | _aCommercial policy. | |
| 650 | 0 | _aGlobalization. | |
| 655 | 7 |
_aElectronic books. _2local |
|
| 700 | 1 | _aWatanabe, Yuki. | |
| 700 | 1 | _aYamashita, Haruto. | |
| 710 | 2 | _aebrary, Inc. | |
| 830 | 0 | _aMonetary, fiscal and trade policies series. | |
| 856 | 4 | 0 |
_uhttp://site.ebrary.com/lib/rucke/Doc?id=10660269 _zAn electronic book accessible through the World Wide Web; click to view |
| 999 |
_c170714 _d170714 |
||